LDR 01050naa#a2200181#i#450# 001 RU\\bibl\121201 005 20260513012224.3 011 ## _a2409-1073 100 ## _a20141121b2014####ek#y0rusy0150####ca 101 0# _aRUS 102 ## _aRU 200 1# _aГлобальное моделирование: реальность и надежды _eЖурнальная статья 210 1# _aМосква _cФедеральное государственное автономное образовательное учреждение высшего образования Национальный исследовательский университет "Московский институт электронной техники" _d2014 215 ## _a9 с. 608 ## _aЖурнальная статья _2local 675 ## _aСпециальные аспекты и проблемы моделирования в области общественных наук. 303.09 _zRUS 700 #1 _aАлфеев _gНиколай Владимирович 856 4# _aesgi-journal.ru _u